<?xml version="1.0" encoding="UTF-8"?><?xml-stylesheet type="text/xsl" href="static/style.xsl"?><OAI-PMH xmlns="http://www.openarchives.org/OAI/2.0/" xmlns:xsi="http://www.w3.org/2001/XMLSchema-instance" xsi:schemaLocation="http://www.openarchives.org/OAI/2.0/ http://www.openarchives.org/OAI/2.0/OAI-PMH.xsd"><responseDate>2026-04-13T06:36:52Z</responseDate><request verb="GetRecord" identifier="oai:www.recercat.cat:2072/319052" metadataPrefix="marc">https://recercat.cat/oai/request</request><GetRecord><record><header><identifier>oai:recercat.cat:2072/319052</identifier><datestamp>2024-12-13T09:28:21Z</datestamp><setSpec>com_2072_96861</setSpec><setSpec>com_2072_96858</setSpec><setSpec>com_2072_96852</setSpec><setSpec>com_2072_2015</setSpec><setSpec>col_2072_228892</setSpec></header><metadata><record xmlns="http://www.loc.gov/MARC21/slim" xmlns:dcterms="http://purl.org/dc/terms/" xmlns:xsi="http://www.w3.org/2001/XMLSchema-instance" xmlns:doc="http://www.lyncode.com/xoai" xsi:schemaLocation="http://www.loc.gov/MARC21/slim http://www.loc.gov/standards/marcxml/schema/MARC21slim.xsd">
   <leader>00925njm 22002777a 4500</leader>
   <datafield ind2=" " ind1=" " tag="042">
      <subfield code="a">dc</subfield>
   </datafield>
   <datafield ind2=" " ind1=" " tag="720">
      <subfield code="a">Alvarez Palau, Eduard Josep</subfield>
      <subfield code="e">author</subfield>
   </datafield>
   <datafield ind2=" " ind1=" " tag="720">
      <subfield code="a">Aguilar Hernández, Alfonso</subfield>
      <subfield code="e">author</subfield>
   </datafield>
   <datafield ind2=" " ind1=" " tag="520">
      <subfield code="a">Peer-reviewed</subfield>
   </datafield>
   <datafield ind2=" " ind1=" " tag="520">
      <subfield code="a">La irrupción del ferrocarril como sistema de transporte motorizado incentivó el desarrollo territorial de los países más industrializados. En el presente artículo se cuantifican los cambios en la accesibilidad territorial ferroviaria, con la finalidad de obtener nuevos instrumentos que permitan entender la evolución demográfica. El ámbito de estudio es Inglaterra y Gales en el período 1871-1931. Para ello, se parte de bases cartográficas exhaustivas digitalizadas en SIG de cada década que incluyen estaciones, líneas férreas y unidades administrativas con datos de los diferentes censos. La modelización se realiza mediante instrumentos de análisis de redes, obteniendo los Índices de Accesibilidad Generalizada y Puntual para cada decenio. Estos resultados son descritos de forma analítica y contrastados estadísticamente con la evolución de población de cada unidad territorial asociada, mostrando así la interrelación entre ferrocarril y territorio.</subfield>
   </datafield>
   <datafield ind2=" " ind1=" " tag="520">
      <subfield code="a">The introduction of the railway network as a motorized transport system encouraged the territorial development of industrialized countries. This article tries to quantify the specified changes in the territorial accessibility and the effects on the population distribution. The study is focused on the territorial area of England and Wales between 1871 and 1931. To carry out this research, we used cartographic bases of each decade in GIS including stations, railway lines and the
administrative areas with information about different census. The modelling is based on network analysis tools, obtaining the Index of General and Punctual Accessibility for each decade. These results are described analytically and contrasted with the evolution of the population in each territorial area, showing the effects of the railway network on the territory studied.</subfield>
   </datafield>
   <datafield ind2=" " ind1=" " tag="520">
      <subfield code="a">La irrupció del ferrocarril com a sistema de transport motoritzat va incentivar el desenvolupament territorial dels països més industrialitzats. En el present article es quantifiquen els canvis en l'accessibilitat territorial ferroviària, amb la finalitat d'obtenir nous instruments que permetin entendre l'evolució demogràfica. L'àmbit d'estudi és Anglaterra i Gal·les en el període 1871-1931. Per a això, es parteix de bases cartogràfiques exhaustives digitalitzades en SIG de cada dècada que
inclouen estacions, línies fèrries i unitats administratives amb dades dels diferents censos. La modelització es realitza mitjançant instruments d'anàlisis de xarxes, obtenint els Índexs d'Accessibilitat Generalitzada i Puntual per a cada decenni. Aquests resultats són descrits de forma analítica i contrastats estadísticament amb l'evolució de població de cada unitat territorial associada, mostrant així la interrelació entre ferrocarril i territori.</subfield>
   </datafield>
   <datafield ind1="8" ind2=" " tag="024">
      <subfield code="a">Alvarez-Palau, E. J.; Aguilar Hernández, A. (2015):"Accesibilidad territorial ferroviaria y distribución de población: Inglaterra y Gales, 1871-1931", GeoFocus, nº15, p. 75-104. ISSN: 1578-5157</subfield>
   </datafield>
   <datafield ind1="8" ind2=" " tag="024">
      <subfield code="a">1578-5157</subfield>
   </datafield>
   <datafield ind1="8" ind2=" " tag="024">
      <subfield code="a">http://hdl.handle.net/10609/74587</subfield>
   </datafield>
   <datafield tag="653" ind2=" " ind1=" ">
      <subfield code="a">Inglaterra y Gales</subfield>
   </datafield>
   <datafield tag="653" ind2=" " ind1=" ">
      <subfield code="a">accesibilidad</subfield>
   </datafield>
   <datafield tag="653" ind2=" " ind1=" ">
      <subfield code="a">SIG</subfield>
   </datafield>
   <datafield tag="653" ind2=" " ind1=" ">
      <subfield code="a">ferrocarril</subfield>
   </datafield>
   <datafield tag="653" ind2=" " ind1=" ">
      <subfield code="a">territorio</subfield>
   </datafield>
   <datafield tag="653" ind2=" " ind1=" ">
      <subfield code="a">población</subfield>
   </datafield>
   <datafield tag="653" ind2=" " ind1=" ">
      <subfield code="a">accesibilitat</subfield>
   </datafield>
   <datafield tag="653" ind2=" " ind1=" ">
      <subfield code="a">SIG</subfield>
   </datafield>
   <datafield tag="653" ind2=" " ind1=" ">
      <subfield code="a">ferrocarril</subfield>
   </datafield>
   <datafield tag="653" ind2=" " ind1=" ">
      <subfield code="a">territori</subfield>
   </datafield>
   <datafield tag="653" ind2=" " ind1=" ">
      <subfield code="a">població</subfield>
   </datafield>
   <datafield tag="653" ind2=" " ind1=" ">
      <subfield code="a">Anglaterra i Gal·les</subfield>
   </datafield>
   <datafield tag="653" ind2=" " ind1=" ">
      <subfield code="a">accessibility</subfield>
   </datafield>
   <datafield tag="653" ind2=" " ind1=" ">
      <subfield code="a">GIS</subfield>
   </datafield>
   <datafield tag="653" ind2=" " ind1=" ">
      <subfield code="a">railway</subfield>
   </datafield>
   <datafield tag="653" ind2=" " ind1=" ">
      <subfield code="a">territory</subfield>
   </datafield>
   <datafield tag="653" ind2=" " ind1=" ">
      <subfield code="a">population</subfield>
   </datafield>
   <datafield tag="653" ind2=" " ind1=" ">
      <subfield code="a">England and Wales</subfield>
   </datafield>
   <datafield tag="653" ind2=" " ind1=" ">
      <subfield code="a">Railroad engineering</subfield>
   </datafield>
   <datafield tag="653" ind2=" " ind1=" ">
      <subfield code="a">Enginyeria de ferrocarrils</subfield>
   </datafield>
   <datafield tag="653" ind2=" " ind1=" ">
      <subfield code="a">Ingeniería de ferrocarriles</subfield>
   </datafield>
   <datafield ind2="0" ind1="0" tag="245">
      <subfield code="a">Cálculo de la accesibilidad territorial ferroviaria mediante instrumentos de análisis de redes. Aplicación en Inglaterra y Gales, 1871-1931</subfield>
   </datafield>
</record></metadata></record></GetRecord></OAI-PMH>